000 00797nas a2200265 4500
001 BR2011002270
003 BR-BrBNA
005 20231205115255.0
007 ta
008 230509b bl.|||p| |||| 00| 00por d
040 _aBR-BrBNA
_bpor
_cBiblioteca Nacional de Agricultura
041 _a(Pt)
072 _aF01
100 1 _aCarlin, S.D.
100 1 _aSilva, M. de A.
100 1 _aRossetto, R.
245 1 _aParâmetros biométricos e produtividade da cana-de-açúcar após tombamento dos colmos
650 _aCANA DE AÇÚCAR
650 _aTOMBAMENTO DE PLANTA
650 _aCOLMO
650 _aRENDIMENTO
773 0 _tBragantia (Brazil)
_xISSN 0006-8705
_g(Oct-Dec 2008), v. 67(4) p. 845-853
_wBR2011002270
909 _a202311
_bLúcia
_c55
_dLúcia Elande
942 _2AGRIS
_n0
_cANA
999 _c212952
_d212952